| 000 | 00400nam a22001697a 4500 | ||
|---|---|---|---|
| 005 | 20160616130839.0 | ||
| 008 | 160616b xxu||||| |||| 00| 0 eng d | ||
| 020 | _a0-07-048684-0 | ||
| 041 | _aeng | ||
| 082 | _b7994 | ||
| 100 |
_aMallach, Efrem _92117 |
||
| 245 | _aDecision. Support and Data Warekowe systems | ||
| 260 |
_bTMH _c2002 |
||
| 300 | _a651 | ||
| 650 |
_aManagement _9241 |
||
| 942 | _cBK | ||
| 999 |
_c2963 _d2962 |
||